000 01129nam0a22003131 4500
001 RU\NLR\INFOCOMM_195\5000041846
005 20250613092059.0
010 _99240 экз.
_a5-01-000590-5
035 _a(NLR Aleph) 009141434
090 _a8338348
_c8338348
100 _a20091015d1988 |||y0rusy50 ca
101 1 _aspa
_crus
102 _aRU
105 _ay ||||000|y
200 1 _aSobre la obra de Carlos Marx "Salario, precio y ganancia"
_fE. Borisov
_g[Trad. del ruso por Manuel Nebreda]
210 _aΜ.
_cProgreso
_d1988
215 _a77 с.
_d16 см
300 _aВ вып. дан.: О работе Маркса "Заработная плата, цена и прибыль" / Борисов Евгений Филиппович
500 1 0 _6z02702
_aSalario, precio y ganancia
686 _aА193.6
_2rubbk
686 _aУ011.512
_2rubbk
700 1 _9z01790
_aBorisov
_bE. F.
_gEvgenij Filippovič
_4070
702 1 _6z02500
_aMarx
_bK.
_f1818-1883
_gKarl
_4570
790 1 _9z01700
_aBorisov
_bE.
_4070
801 1 _aRU
_bNLR
_c20091015
801 0 _aRU
_bNLR
_gPSBO
852 _aNLR
_jМ21 Д-2/159
942 _cBOOK
980 _aNB